000 00706nam a22002177a 4500
003 0
005 20250911135756.0
008 250911b xxu||||| |||| 00| 0 eng d
020 _a979-8-88836-756-8
050 _aHD 38.5
_b.P47 2025
100 _aPerry, Lydia,
_eauthor.
245 _aSupply chain management :
_bprinciples and practice /
_cLydia Perry.
260 _aNew York, NY :
_bLarsen and Keller Education,
_c2025.
300 _aviii, 255 pages :
_bcolored illustrations ;
_c26 cm.
504 _aIncludes bibliographical references and index.
650 _aBusiness logistics.
650 _aLogistics.
650 _aIndustrial management.
650 _aMaterials management.
942 _2lcc
_cBK
999 _c367894
_d367894